Normal view
MARC view
- Rothwax , Harold J
Entry Personal Name
001 - CONTROL NUMBER
- control field: 134225
003 - CONTROL NUMBER IDENTIFIER
- control field: NUST
005 - DATE AND TIME OF LATEST TRANSACTION
- control field: 20260421121553.0
008 - FIXED-LENGTH DATA ELEMENTS
- fixed length control field: 260421|| aca||aabn | a|a d
040 ## - CATALOGING SOURCE
- Original cataloging agency: NUST
- Transcribing agency: NUST
100 ## - HEADING--PERSONAL NAME
- Personal name: Rothwax , Harold J
670 ## - SOURCE DATA FOUND
- Source citation: Work cat.: (NUST): Rothwax , Harold J. , Guilty: The Collapse of Criminal Justice /, 1996.
